Normal view
MARC view
- التقارير المالية-تدقيق
Entry Topical Term
001 - CONTROL NUMBER
- control field: 62396
003 - CONTROL NUMBER IDENTIFIER
- control field: JO-AjAnu
005 - DATE AND TIME OF LATEST TRANSACTION
- control field: 20230606084206.0
008 - FIXED-LENGTH DATA ELEMENTS
- fixed length control field: 230606|| aca||aabn | a|a d
040 ## - CATALOGING SOURCE
- Original cataloging agency: JO-AjAnu
- Transcribing agency: JO-AjAnu
150 ## - HEADING--TOPICAL TERM
- Topical term or geographic name entry element: التقارير المالية-تدقيق
670 ## - SOURCE DATA FOUND
- Source citation: Work cat.: (JO-AjAnu)31820: اعداد البدراني، عامر عصام احمد؛ اشراف علي عبدالله الزعبي, author 62395, اثر اتعاب التدقيق الخارجي على جودة القوائم المالية في الشركات الصناعية الاردنية: حجم مكاتب التدقيق كمتغير معدل = The Impact of the External Audit Fees On the Quality of the Financial Statemente in the Jordanian Industrial Companies: The Size of Audit offies As a Moderating Variable